| 000 -ლიდერი |
| ფიქსირებული სიგრძის საკონტროლო ველი |
01107nam a22002177a 4500 |
| 003 - საკონტროლო ნომრის იდენტიფიკატორი |
| საკონტროლო ველი |
Ge_BSU |
| 005 - ბოლო ოპერაციის თარიღი და დრო |
| საკონტროლო ველი |
20221031155942.0 |
| 008 - ფიქსირებული სიგრძის მონაცემთა ელემენტები - ზოგადი ინფორმაცია |
| ფიქსირებული სიგრძის საკონტროლო ველი |
221031b xxu||||| |||| 00| 0 geo d |
| 020 ## - წიგნის საერთაშორისო სტანდარტული ნომერი |
| International Standard Book Number |
9994065882 |
| 041 ## - ენის კოდი |
| Language code of text/sound track or separate title |
geo |
| 080 ## - უნივერსალური ათობითი კლასიფიკაციის ინდექსი |
| Universal Decimal Classification number |
336.22 ტ-48 |
| 100 ## - მთავარი ჩანაწერი - პიროვნების სახელი |
| Personal name |
ტერაშვილი, ნარიმან |
| 9 (RLIN) |
15673 |
| 245 ## - ცნობა სათაურის შესახებ |
| Title |
საგადასახადო და საბაჟო პოლიტიკა / |
| Statement of responsibility, etc |
ნარიმან ტერაშვილი ; [რედ.: იაკობ მესხია] ; თბილ. ეკონ. ურთიერთ. სახ. უნ-ტი. |
| 264 ## - წარმოების, გამოცემის, დისტრიბუციის და სხვა ცნობები |
| გამოცემის, წარმოების, დისტრიბუციის... ადგილი |
თბილისი: |
| გამოცემის, წარმოების, დისტრიბუციის... სახელწოდება |
შპს "დარბეგი" |
| გამოცემის, წარმოების, დისტრიბუციის... თარიღი |
2006. |
| 300 ## - ფიზიკური აღწერა |
| Extent |
704 გვ. ; |
| Other physical details |
ცხრ. |
| Dimensions |
21 სმ. |
| 653 ## - INDEX TERM--UNCONTROLLED |
| Uncontrolled term |
გადასახადები საქართველოში |
| 653 ## - INDEX TERM--UNCONTROLLED |
| Uncontrolled term |
საბაჟო პოლიტიკა საქართველოში. |
| 653 ## - INDEX TERM--UNCONTROLLED |
| Uncontrolled term |
საბაჟო კანონმდებლობა. |
| 700 ## - ADDED ENTRY--PERSONAL NAME |
| Personal name |
მესხია, იაკობ |
| Relator term |
რედაქტორი |
| 9 (RLIN) |
15674 |
| 942 ## - ADDED ENTRY ELEMENTS (KOHA) |
| Source of classification or shelving scheme |
|
| Koha item type |
წიგნი |